Concrete timber and metals: The nature and behaviour of structural materials (Record no. 34467)

MARC details
000 -LEADER
fixed length control field 00319nam a2200109Ia 4500
082 ## - DEWEY DECIMAL CLASSIFICATION NUMBER
Classification number 691
Item number ILL
100 ## - MAIN ENTRY--AUTHOR NAME
Personal name Illston, J M
245 #0 - TITLE STATEMENT
Title Concrete timber and metals: The nature and behaviour of structural materials
260 ## - PUBLICATION, DISTRIBUTION, ETC. (IMPRINT)
Place of publication New York
Name of publisher Van Nostrand
Year of publication 1979
942 ## - ADDED ENTRY ELEMENTS (KOHA)
Koha item type Books
Holdings
Withdrawn status Lost status Damaged status Not for loan Home library Current library Date acquired Cost, normal purchase price Full call number Accession Number Koha item type
        RRII Library RRII Library 16/12/2021 49.95 691 ILL 14903 Books